Statistics for 100 Essential Films - Slant Magazine

Click here to take the quiz!

General Stats

  • This quiz has been taken 9 times
  • The average score is 22 of 100

Answer Stats

DirectorYearAnswer% Correct
Sergio Leone1968Once Upon a Time in the West
75%
Andrei Tarkovsky1979Stalker
75%
Tobe Hooper1974The Texas Chainsaw Massacre
63%
David Cronenberg1996Crash
50%
F.W. Murnau1926Faust
50%
Orson Welles1976F for Fake
50%
Tod Browning1932Freaks
50%
Carl Theodor Dreyer1964Gertrud
50%
John Woo1992Hard Boiled
50%
Charles Chaplin1947Monsieur Verdoux
50%
Béla Tarr1994Sátántangó
50%
King Vidor1928The Crowd
50%
Edward Yang1991A Brighter Summer Day
38%
Billy Wilder1951Ace in the Hole
38%
Claire Denis1999Beau Travail
38%
D.W. Griffith1919Broken Blossoms
38%
Agnès Varda1962Cleo from 5 to 7
38%
Abbas Kiarostami1990Close-Up
38%
Jim Jarmusch1995Dead Man
38%
Aleksandr Dovzhenko1930Earth
38%
Werner Herzog1982Fitzcarraldo
38%
Erich Von Stroheim1922Foolish Wives
38%
Woody Allen1992Husbands and Wives
38%
Chantal Akerman1975Jeanne Dielman
38%
George A. Romero1985The Day of the Dead
38%
Martin Scorsese1988The Last Temptation of Christ
38%
Ernst Lubitsch1942To Be or Not To Be
38%
Emir Kusturica1995Underground
38%
John Carpenter1976Assault on Precinct 13
25%
Jacques Rivette1974Celine and Julie Go Boating
25%
Steven Spielberg1987Empire of the Sun
25%
Catherine Breillat2001Fat Girl
25%
Douglas Sirk1959Imitation of Life
25%
Nicholas Ray1950In a Lonely Place
25%
Robert Bresson1974Lancelot du Lac
25%
Louis Feuillade1915Les Vampires
25%
Leo McCarey1937Make Way for Tomorrow
25%
Jean-Luc Godard1966Masculin Féminin
25%
Robert Altman1971McCabe and Mrs. Miller
25%
Jia Zhang-ke2000Platform
25%
Andrzej Zulawski1980Possession
25%
Kiyoshi Kurosawa2001Pulse
25%
Sergei Eisenstein1931Que viva Mexico
25%
Paul Verhoeven1995Showgirls
25%
Samuel Fuller1980The Big Red One
25%
Tsai Ming-liang1998The Hole
25%
Kenji Mizoguchi1952The Life of Oharu
25%
Michelangelo Antonioni1975The Passenger
25%
Monte Hellman1967The Shooting
25%
Roman Polanski1976The Tenant
25%
David Lynch1992Twin Peaks: Fire Walk with Me
25%
Ingmar Bergman1963Winter Light
25%
Elaine May1971A New Leaf
13%
Krzysztof Kieślowski1988A Short Film About Killing
13%
Otto Preminger1958Bonjour Tristesse
13%
Sam Peckinpah1974Bring Me the Head of Alfredo Garcia
13%
Satyajit Ray1964Charulata
13%
Terence Davies1988Distant Voices, Still Lives
13%
Takeshi Kitano1997Fireworks
13%
Brain De Palma1970Hi Mom!
13%
Alfred Hitchcock1952I Confess
13%
Charles Burnett1977Killer of Sheep
13%
Max Ophüls1952Le Plaisir
13%
Tomás Gutiérrez Alea1968Memories of Underdevelopment
13%
Aleksandr Sokurov1997Mother and Son
13%
Howard Hawks1939Only Angels Have Wings
13%
William Dieterle1948Portrait of Jennie
13%
Fritz Lang1928Spies
13%
Dario Argento1982Tenebre
13%
Shohei Imamura1983The Ballad of Narayama
13%
Jean Epstein1928The Fall of the House of Usher
13%
Jerry Lewis1961The Ladies' Man
13%
Bruno Dumont2003Twentynine Palms
13%
Frank Tashlin1957Will Success Spoil Rock Hunter?
13%
Ousmane Sembène1975Xala
13%
Mikio Naruse1964Yearning
13%
Souleymane Cisse1987Yeelen
13%
John Ford19667 Women
0%
Josef Von Sternberg1931An American Tragedy
0%
Robert Aldrich1956Autumn Leaves
0%
Jonathan Demme1998Beloved
0%
Albert Zugsmith1962Confessions of an Opium Eater
0%
Jean Grémillon1937Gueule D'Amour
0%
Maurice Elvey1927Hindle Wakes
0%
Rainer Werner Fassbinder1978In a Year of 13 Moons
0%
Mario Bava1966Kill, Baby, Kill!
0%
Rouben Mamoulian1932Love Me Tonight
0%
John Boorman1967Point Blank
0%
Gregory La Cava1937Stage Door
0%
Edgar G. Ulmer1934The Black Cat
0%
Edward Sedgwick1928The Cameraman
0%
Jean Renoir1936The Crime of Monsieur Lange
0%
Luis Buñuel1955The Criminal Life of Archibaldo de la Cruz
0%
Roberto Rossellini1950The Flowers of St. Francis
0%
Jacques Tourneur1943The Leopard Man
0%
Radley Metzger1970The Lickerish Quartet
0%
Frank Borzage1940The Mortal Storm
0%
Hou Hsiao-hsien1993The Puppetmaster
0%
Paul Morrissey1970Trash
0%
Todd Haynes1998Velvet Goldmine
0%

Score Distribution

Percentile by Number Answered

Percent of People with Each Score

Your Score History

You have not taken this quiz